[Event "Ambelokipi op 85th"]
[Site "Athens"]
[Date "2008.03.11"]
[Round "1"]
[White "Tsiros, Dimitrios"]
[Black "Marinopoulos, Nikolaos"]
[Result "0-1"]
[WhiteElo "1560"]
[BlackElo "2085"]
[PlyCount "34"]
[EventDate "2008.03.11"]
[EventType "swiss"]
[EventRounds "7"]
[EventCountry "GRE"]
[SourceTitle "EXT 2010"]
[Source "ChessBase"]
[SourceDate "2010.11.25"]
[SourceVersion "1"]
[SourceVersionDate "2010.11.25"]
[SourceQuality "1"]

1. d4 d5 2. Nf3 Nf6 3. c4 c6 4. Nc3 e6 5. Bg5 h6 6. Bh4 dxc4 7. a4 g5 8. Bg3 Qa5 9. e4 Nxe4 10. Be5 f6 11. Bxb8 Rxb8 12. Bxc4 Nxc3 13. bxc3 Qxc3+ 14. Nd2 Bb4 15. Ra2 Qxc4 16. Rc2 Qd3 17. Qb1 Bxd2+ 0-1

[Event "Athens Smaok op 1th"]
[Site "Athens"]
[Date "2006.11.16"]
[Round "2"]
[White "Tourkolias, Dimitrios"]
[Black "Tsiros, Dimitrios"]
[Result "1-0"]
[WhiteElo "1831"]
[BlackElo "1090"]
[PlyCount "67"]
[EventDate "2006.11.10"]
[EventType "swiss"]
[EventRounds "6"]
[EventCountry "GRE"]
[SourceTitle "EXT 2024"]
[Source "ChessBase"]
[SourceDate "2023.10.10"]
[SourceVersion "1"]
[SourceVersionDate "2023.10.10"]
[SourceQuality "1"]

1. e4 c5 2. Nf3 Nc6 3. d4 cxd4 4. Nxd4 e5 5. Nb5 Qa5+ 6. N1c3 Bb4 7. Be2 Nf6 8. 0-0 0-0 9. Bg5 Be7 10. Bxf6 Bxf6 11. Nd5 Bd8 12. c3 b6 13. b4 Qa6 14. Nbc7 Qb7 15. Nxa8 Qxa8 16. Qd2 Ne7 17. Rfd1 Qc6 18. a4 Nxd5 19. Qxd5 Qc7 20. Bg4 Be7 21. Rd3 Bb7 22. Qxd7 Rc8 23. f3 Bf6 24. Qxc7 Rxc7 25. Rd7 Rxd7 26. Bxd7 Kf8 27. a5 Bd8 28. a6 Ba8 29. b5 Ke7 30. Rd1 Bc7 31. Bc8 Bd6 32. Bb7 Bxb7 33. axb7 Kd7 34. b8Q 1-0

[Event "Athens SAE op"]
[Site "Athens"]
[Date "2001.10.20"]
[Round "4.14"]
[White "Avgoustinatos, Vasilios"]
[Black "Tsiros, Dimitrios"]
[Result "1-0"]
[WhiteElo "1625"]
[BlackElo "1405"]
[PlyCount "47"]
[EventDate "2001.10.08"]
[EventType "swiss"]
[EventRounds "7"]
[EventCountry "GRE"]
[SourceTitle "EXT 2003"]
[Source "ChessBase"]
[SourceDate "2002.11.25"]
[SourceVersion "1"]
[SourceVersionDate "2002.11.25"]
[SourceQuality "1"]

1. e4 b6 2. d4 Bb7 3. Nc3 e6 4. Bd3 Nc6 5. Nf3 Bb4 6. 0-0 Bxc3 7. bxc3 d5 8. e5 h6 9. Ne1 f6 10. Qh5+ Kf8 11. Ba3+ Nge7 12. f4 f5 13. g4 Qe8 14. Qh3 Kg8 15. gxf5 exf5 16. Bxf5 Nxf5 17. Qxf5 Qf7 18. Qd3 Re8 19. f5 Ne7 20. Kh1 c5 21. f6 c4 22. fxg7 cxd3 23. gxh8Q+ Kxh8 24. Rxf7 1-0

[Event "Athens SAE op"]
[Site "Athens"]
[Date "2001.10.13"]
[Round "2.10"]
[White "Fournarakos, Gerasimos"]
[Black "Tsiros, Dimitrios"]
[Result "1-0"]
[WhiteElo "2041"]
[BlackElo "1405"]
[PlyCount "78"]
[EventDate "2001.10.08"]
[EventType "swiss"]
[EventRounds "7"]
[EventCountry "GRE"]
[SourceTitle "EXT 2003"]
[Source "ChessBase"]
[SourceDate "2002.11.25"]
[SourceVersion "1"]
[SourceVersionDate "2002.11.25"]
[SourceQuality "1"]

1. d4 Nf6 2. c4 b6 3. Nc3 Bb7 4. f3 d6 5. e4 Nc6 6. Be3 e5 7. d5 Ne7 8. Qd2 Ng6 9. Bd3 Be7 10. Nge2 0-0 11. 0-0 h6 12. g3 Bc8 13. Kg2 Nh7 14. f4 exf4 15. Nxf4 Nxf4+ 16. gxf4 g6 17. Kh1 Bh3 18. Rf3 Bg4 19. Rg3 h5 20. Be2 Bh4 21. Rgg1 f5 22. h3 Bxh3 23. Rxg6+ Kh8 24. Bxh5 Rg8 25. Bd4+ Bf6 26. Rag1 Bg4 27. Rxg8+ Qxg8 28. Bxg4 fxg4 29. e5 dxe5 30. fxe5 Bg5 31. Qh2 Qg6 32. Rxg4 Kg8 33. Ne4 Qf5 34. Qg2 Rf8 35. Nxg5 Qf1+ 36. Qxf1 Rxf1+ 37. Kg2 Rf8 38. Ne4+ Kf7 39. e6+ Ke7 1-0